Responses for Show #7419 - Thursday, December 8, 2016

Tim Aten game 5.

Contestants

[<< previous game]

Anton Deljaj, a residential manager from Bronx, New York

Stephanie Snyder, a program manager from Silver Spring, Maryland

Tim Aten, an editor from Vermilion, Ohio (whose 4-day cash winnings total $71,300)

[next game >>]

Jeopardy! Round responses

HENRIK IBSEN OR HENRY GIBSON
(Alex: They're not the same person? Oh.)
THAT'S COLD, MAN
WHOSE BILLBOARD HIT?
ANATOMICAL ETYMOLOGY
LET'S VISIT THE SOUTH
(Alex: And have some...)
SWEET "T"
    $200 26
Oslo

Tim
    $200 21
chill

Stephanie
    $200 10
(Alex: Okay, we got one out of five. All right. All right.)
[Applause]

Justin Bieber

Stephanie
    $200 14
vertebrae

Tim
    $200 11
(Margaret) Mitchell

Tim
    $200 4
Twizzler

Anton
    $400 27
a leprechaun

Anton
    $400 22
frosty

Tim
    $400 9
Bruce Springsteen

Triple Stumper
    $400 15
capillaries

Stephanie
    $400 12
(Lady Bird) Johnson

Anton
    $400 5
taffy & toffee

Stephanie
    $600 28
Hedda Gabler

Triple Stumper
    $600 23
frigid

Tim
    $600 1
P!nk

Triple Stumper
    $600 18
the tongue

Tim
    $600 13
Selma

Stephanie
    $600 6
truffles

Tim
    $800 29
[The end-of-round signal sounds.]

Wedding Crashers

Tim
    $800 24
(Anton: What is folly?)

icebox

Anton
Triple Stumper
    $800 2
Hall & Oates

Triple Stumper
    $800 19
a deltoid

Anton
    $800 16
Hilton Head

Anton
    $800 7
Thin Mints

Stephanie
    $1000 25
(Stephanie: What is freeze?)

congeal

Stephanie
Triple Stumper
    $1000 3
Gwen Stefani

Triple Stumper
    $800 20
the pineal gland

Anton
    $1000 17
Ryman Auditorium

Triple Stumper
    $1000 8
tres leches

Stephanie

Scores at the first commercial break (after clue 15):

Tim Stephanie Anton
$1,000 $3,400 $600

Scores at the end of the Jeopardy! Round:

Tim Stephanie Anton
$3,600 $2,600 $2,600

Double Jeopardy! Round responses

BIG SCREEN COPS
PHILOSOPHY
HISTORIC AMERICANS
POTENT QUOTABLES
BRIDGE-POURRI
THROWING THE "BOOK" AT YOU
(Alex: And those four letters are gonna come up in each correct response.)
    $400 17
Naked Gun

Tim
    $400 8
an end

Tim
    $400 5
(William Randolph) Hearst

Stephanie
    $400 1
[Stephanie selected the first clue.]
(Anton: What is Nebraska?)
(Stephanie: What is Iowa?)
...
(Alex: "Colonels", corn.)

Kentucky

StephanieAnton
Triple Stumper
    $400 22
Boston

Anton
    $400 12
a bookie

Anton
    $800 18
Denzel Washington

Anton
    $800 9
logic

Stephanie
    $800 6
MacArthur

Tim
    $800 2
Oscar Wilde

Anton
    $800 23
suspension

Tim
    $800 13
a bookmark

Tim
    $1200 19
Ride Along

Anton
    $1,600 28
(Alex: Tim?)
(Tim: [Shakes head])

The Meaning of Life

Tim
    $1,000 7
Eleanor Roosevelt

Tim
    $1200 3
rum

Triple Stumper
    $1200 24
the Bridge of San Luis Rey

Triple Stumper
    $1200 14
bookends

Tim
    $1600 20
Riggs & Murtaugh

Tim
    $1600 29
Nietzsche

Triple Stumper
    $1600 11
a cross of gold

Triple Stumper
    $1600 4
touch mine

Stephanie
    $1600 25
Dumbo

Anton
    $1600 15
a book club

Anton
    $2000 21
Bad Lieutenant

Anton
    $2000 30
necessary

Triple Stumper
    $2000 27
(Lucretia) Mott

Tim
    $2000 10
(Stephanie: Who is Dick Tracy?)
(Anton: Who is Sam Spade?)

Mike Hammer

StephanieAnton
Triple Stumper
    $2000 26
(Alex: Napoleon won the battle, and the bridge crosses [*].)

the Seine

Triple Stumper
    $2000 16
the Domesday Book

Tim

Scores at the end of the Double Jeopardy! Round:

Tim Stephanie Anton
$13,000 $3,000 $9,000

[wagering suggestions for these scores]

Final Jeopardy! Round responses

PRINTING
(Alex: Important part of the clue: "...a work by Virgil".)
...
(Alex: [To Tim] Named for Italy. Introduced in Venice. [*].)
StephanieWhat is Helvetica?
$2,400
AntonWhat is Times New Roman
$2,999
TimWhat is Ionian?
$5,001
italics

Final scores:

Tim Stephanie Anton
$7,999 $600 $6,001
5-day champion: $79,299 3rd place: $1,000 2nd place: $2,000

Game dynamics:

Coryat scores:

Tim Stephanie Anton
$14,800 $3,000 $9,200
18 R
(including 1 DD),
1 W
(including 1 DD)
10 R,
3 W
14 R
(including 1 DD),
3 W

Combined Coryat: $27,000

[game clues] [game scores] [suggest correction]

Game tape date: 2016-08-30
The J! Archive is created by fans, for fans. Scraping, republication, monetization, and malicious use prohibited; this site may use cookies and collect identifying information. See terms. The Jeopardy! game show and all elements thereof, including but not limited to copyright and trademark thereto, are the property of Jeopardy Productions, Inc. and are protected under law. This website is not affiliated with, sponsored by, or operated by Jeopardy Productions, Inc. Join the discussion at JBoard.tv.